00445 a2200169 4500001000700000020000600007040001100013100002700024240002400051245001900075362000900094440002300103697002100126942000700147952010200154999001900256181737 a  cMagnum aSoares, Antonio Carlos10aO vilao bananalpor10aO vilao banana0 a1899 1aAo Livro Técnico aMAGNITO: J/GERAL cBK 00104070a32.5b32.5d2024-06-08l0oLI.02758pMAG00031703r2024-06-08 20:55:18w2024-06-08yBK c181737d181737